000 01033nam a22002537a 4500
005 20170124102948.0
010 _a401372
020 _c2.50
035 _a401372
037 _bCen Lib/Ret
040 _aDPL
_bHN
082 _a821
_bवल्लतो
245 _aवल्लतोल की कवेतायें /
_cअनुवादिका रत्मायी देवी दीक्षित
246 _aValltol ki kavitayen /
_banuvadika RantyiDevi dexit
260 _bसाहित्य अकादेमी
_aनयी दिल्ली
_c1959
270 _bनयी दिल्ली
300 _a127पृ.
_c16सेमी(सजिल्द )
650 _aहिंदी साहित्य
_x
_z
_950775
650 _aहिंदी नाटक
_950776
650 _aHindi literature
_950777
650 _aHindi drama
_950778
700 _aदीक्षित, रत्मायी देवी
_950779
942 _2ddc
_cHN
_h821
_mवल्लतो
999 _c113131
_d113131